2022 Hawthorn Hawks AFL Team Quiz - Statistics

General Stats
  • This quiz has been taken 208 times
  • The average score is 23 of 44
Answer Stats
No. Player Name % Correct
6 James Sicily
89%
3 Tom Mitchell
87%
2 Mitch Lewis
86%
44 Jai Newcombe
83%
22 Luke Breust
83%
19 Jack Gunston
82%
4 Jarman Impey
80%
5 James Worpel
77%
9 Changkuoth Jiath
75%
40 Seamus Mitchell
75%
37 Ned Reeves
73%
7 Ben McEvoy
72%
1 Harry Morrison
72%
12 Will Day
72%
8 Sam Frost
71%
10 Jaeger O'Meara
67%
15 Blake Hardwick
66%
13 Dylan Moore
65%
20 Chad Wingard
64%
35 Josh Morris
63%
14 Jack Scrimshaw
60%
11 Conor Nash
54%
25 Josh Ward
54%
31 Connor Macdonald
50%
26 Liam Shiels
42%
23 Jacob Koschitzke
40%
16 Lachlan Bramble
40%
18 Max Lynch
40%
36 James Blanck
39%
24 Denver Grainger-Barras
35%
29 Jai Serong
34%
33 Tyler Brockman
34%
30 Sam Butler
31%
21 Tom Phillips
31%
27 Ned Long
26%
17 Daniel Howe
25%
39 Emerson Jeka
22%
28 Kyle Hartigan
22%
38 Max Ramsden
20%
43 Jack Saunders
19%
45 Jackson Callow
16%
41 Connor Downie
13%
34 Fionn O'Hara
13%
32 Finn McGinness
7%
No matching quizzes found
Score Distribution
Percent of People with Each Score
Percentile by Number Answered
Your Score History
You have not taken this quiz